Southville International School and Colleges
Your cart is empty.
  • Cart
  • Lists
    Public lists Eva Luna New books Lux_list list_1
    Your lists Log in to create your own lists
  • Log in to your account
  • Your cookies
  • Search history
Southville International School and Colleges
  • Advanced search
  • Recent comments
  • Most popular
  • Libraries

Log in to your account

Log in with GOOGLE


If you do not have an external account, but do have a local account, you can still log in:

  1. Home
  2. MARC view: Toursim marketing : in the age of the consumer
Normal view MARC view ISBD view

Toursim marketing : in the age of the consumer (Record no. 365906)

[ view plain ]
MARC details
000 -LEADER
fixed length control field 00641nam a22001937a 4500
003 - CONTROL NUMBER IDENTIFIER
control field 0
005 - DATE AND TIME OF LATEST TRANSACTION
control field 20240206130403.0
008 - FIXED-LENGTH DATA ELEMENTS--GENERAL INFORMATION
fixed length control field 240206b xxu||||| |||| 00| 0 eng d
020 ## - INTERNATIONAL STANDARD BOOK NUMBER
International Standard Book Number 978-0-415-72636-8
050 ## - LIBRARY OF CONGRESS CALL NUMBER
Classification number G 155.A1
Item number .M66 2022
100 ## - MAIN ENTRY--PERSONAL NAME
Personal name Morrison, Alastair M.
245 ## - TITLE STATEMENT
Title Toursim marketing : in the age of the consumer
Statement of responsibility, etc Alastair M. Morrison
260 ## - PUBLICATION, DISTRIBUTION, ETC. (IMPRINT)
Place of publication, distribution, etc Oxon
Name of publisher, distributor, etc Routledge
Date of publication, distribution, etc c2022.
300 ## - PHYSICAL DESCRIPTION
Extent xxvi, 757 pages :
Other physical details colored illustrations ;
Dimensions 25 cm.
504 ## - BIBLIOGRAPHY, ETC. NOTE
Bibliography, etc Includes bibliographical references, index, and glossary.
650 ## - SUBJECT ADDED ENTRY--TOPICAL TERM
Topical term or geographic name as entry element Tourism--Marketing.
650 ## - SUBJECT ADDED ENTRY--TOPICAL TERM
Topical term or geographic name as entry element Hospitality industry--Marketing.
942 ## - ADDED ENTRY ELEMENTS (KOHA)
Source of classification or shelving scheme Library of Congress Classification
Koha item type Books
Holdings
Withdrawn status Lost status Source of classification or shelving scheme Damaged status Home library Current library Shelving location Date acquired Source of acquisition Sub Shelving location Total Checkouts Full call number Barcode Date last seen Price effective from Koha item type
    Library of Congress Classification   College Library College Library Reserve Section 02/06/2024 Library Fund     G 155.A1 .M66 2022 C23256 02/06/2024 02/06/2024 Books

Toursim marketing : in the age of the consumer

APA

Morrison A. M., . (2022). Toursim marketing : in the age of the consumer. Oxon: Routledge.

Chicago

Morrison Alastair M, . 2022. Toursim marketing : in the age of the consumer. Oxon: Routledge.

Harvard

Morrison A. M., . (2022). Toursim marketing : in the age of the consumer. Oxon: Routledge.

MLA

Morrison Alastair M, . Toursim marketing : in the age of the consumer. Oxon: Routledge. 2022.

  • Place hold
  • Print
  • Cite
  • Add to your cart (remove)
  • Save record
    BIBTEX Dublin Core MARCXML MARC (non-Unicode/MARC-8) MARC (Unicode/UTF-8) MARC (Unicode/UTF-8, Standard) MODS (XML) RIS
  • More searches
    Search for this title in:
    Other Libraries (WorldCat) Other Databases (Google Scholar) Online Stores (Bookfinder.com) Open Library (openlibrary.org)

Exporting to Dublin Core...

SOUTHVILLE LIBRARY

Southville International School and Colleges Library

1281 Tropical Ave. Cor. Luxembourg St., BF Homes International, Las Pinas City

Tel. No. 8256374 / 252358 Loc. 117/146

Powered by Koha